000 01423nam a2200385 a 4500
001 82424
003 BD-RjUL
005 20231207113236.0
008 231207r20222021ii j b 001 0 eng
020 _a9789390727995
020 _a9390727995
020 _a9781260829464
_q(hardcover)
020 _a9781260408430
_q(spiral bound)
020 _z9781260408461
_q(ebook)
020 _z9781260408508
_q(ebook other)
035 _a(BD-RjUL)82424
040 _aDLC
_beng
_erda
_cDLC
_dBD-RjUL
041 _aeng
082 0 0 _223
_a150
_bFEU 2022
100 1 _aFeldman, Robert S.
_q(Robert Stephen),
_d1947-
_eauthor.
_910399
245 1 0 _aUnderstanding psychology /
_cRobert S. Feldman, University of Massachusetts Amherst.
250 _aFifteenth edition.
263 _a2010
264 1 _aNew York, NY :
_bMcGraw-Hill Education,
_cc2021, [reprint 2022]
300 _aVarious paging
_bIllustrations;
_c28 cm.
336 _atext
_btxt
_2rdacontent
337 _aunmediated
_bn
_2rdamedia
338 _avolume
_bnc
_2rdacarrier
500 _aRevised edition of the author's Understanding psychology, c2018.
504 _aIncludes bibliographical references and indexes.
650 0 _aPsychology.
776 0 8 _iOnline version:
_aFeldman, Robert S.,
_tUnderstanding psychology
_bFifteenth edition.
_dNew York, NY : McGraw-Hill Education, [2021]
_z9781260408461
_w(DLC) 2020017622
942 _2ddc
_cBK
999 _c82424
_d82424